Constitutional law of India (Record no. 32558)

MARC details
000 -LEADER
fixed length control field 00481nam a2200181Ia 4500
008 - FIXED-LENGTH DATA ELEMENTS--GENERAL INFORMATION
fixed length control field 230917s9999||||xx |||||||||||||| ||und||
020 ## - ISBN
Price RS650
040 ## - CATALOGING SOURCE
-- 257518
Original cataloging agency VIVEKANANDA LIBRARY
041 ## - Language
-- English
082 ## - DDC NUMBER
Classification number 342.57 P192C(56)
100 ## - MAIN ENTRY--PERSONAL NAME
Personal name Pandey, J N
245 #0 - TITLE STATEMENT
Title Constitutional law of India
250 ## - EDITION STATEMENT
Edition statement 56th ed.
260 ## - PUBLICATION, DISTRIBUTION, ETC. (IMPRINT)
Place of publication, distribution, etc Allahabad
Name of publisher, distributor, etc Central Law Agency
Date of publication, distribution, etc 2019
300 ## - PHYSICAL DESCRIPTION
Pages lxvii, 881 p.
500 ## - GENERAL NOTE
General note 3585 19/08/2019 RBP19/76582 06/09/2019 Main Budget
942 ## - ADDED ENTRY ELEMENTS (KOHA)
Koha item type Books
Holdings
Withdrawn status Lost status Damaged status Not for loan Location (home branch) Sublocation or collection (holding branch) Date acquired Koha issues (times borrowed) Koha full call number Accession No. Koha date last seen Koha item type Source of classification or shelving scheme
        VIVEKANANDA LIBRARY VIVEKANANDA LIBRARY 06/11/2019 8 342.57 P192C(56) 376349 24/03/2026 Books  
        VIVEKANANDA LIBRARY VIVEKANANDA LIBRARY 06/11/2019 12 342.57 P192C(56) 376350 26/02/2026 Books  
        VIVEKANANDA LIBRARY VIVEKANANDA LIBRARY 06/11/2019 3 342.57 P192C(56) 376351 04/11/2024 Books  
        VIVEKANANDA LIBRARY VIVEKANANDA LIBRARY 06/11/2019   342.57 P192C(56) 376352 17/09/2023 Books  
        VIVEKANANDA LIBRARY VIVEKANANDA LIBRARY 06/11/2019   342.54 P192C(56) 376353 17/09/2023 Books Dewey Decimal Classification
© Designed and Maintained by Vivekananda Library, MDU Rohtak